Automatische Analyse des Deurschen.
Uložené v:
| Hlavný autor: | |
|---|---|
| Médium: | Kniha |
| Jazyk: | Slovak |
| Vydané: |
Berlin,
1982.
|
| Vydanie: | 1. Auflage |
| Fyzický popis: |
272 strán + 2 prílohy. |
| Tagy: |
Pridať tag
Žiadne tagy, Buďte prvý kto otaguje tento záznam!
|
Titul je dostupný aj v ... 

MARC
| LEADER | 00000nam a22000002i 4500 | ||
|---|---|---|---|
| 001 | 000630607 | ||
| 005 | 20200311105142.0 | ||
| 008 | 200311s1982 xo e 000 0 slo d | ||
| 020 | |c Kčs 83,00 |q (brožované) | ||
| 040 | |a SVKKK |b slo |c SVKKK |e rda | ||
| 100 | 1 | |a Kunze, Jürgen | |
| 245 | 1 | 0 | |a Automatische Analyse des Deurschen. |
| 250 | |a 1. Auflage | ||
| 264 | 1 | |a Berlin, |c 1982. | |
| 300 | |a 272 strán + 2 prílohy. | ||
| 336 | |a text |b txt |2 rdacontent | ||
| 337 | |a bez média |b n |2 rdamedia | ||
| 338 | |a zväzok |b nc |2 rdacarrier | ||
| 500 | |a Záznam revízie | ||
| 910 | |a svkkk | ||
| 998 | |a BK | ||
| 090 | |g SCKHL |k Sklad Pribinova 2. posch. |a III.122168 |j 666740 |i 2720442067 |4 Zastaraná |s Vyradená | ||